000 00369 a2200169 4500
001 179745
020 _a
040 _cMagnum
100 _aFournier, Andrée Paula
240 1 0 _aO cavalinho e o velho camelo
_lpor
245 1 0 _aO cavalinho e o velho camelo
300 _a24
362 0 _a1982
440 1 _aÁtica
697 _aLITERATURA INFANTO
942 _cBK
999 _c179745
_d179745